00305 2200133 4500001002100000005001500021035002000036245003500056100001600091260003100107082000800138084001400146990001100160INLIS00000000000243320250604101353 a0010-06250000191 aBukan Karna Aku /cToha Mohtar0 aToha Mohtar aJakarta :bGramedia,c1993 a800 a800 TOH b a983621